Państwa, które miały kobiece liderki - Statystyki

Ogólne statystyki
  • Ten quiz został rozwiązany 165 razy
    156 od ostatniego zresetowania
  • Średni wynik to 16 z 55
Statystyki odpowiedzi
Kraj % Poprawnych
Indie
64%
Brazylia
62%
Finlandia
59%
Dania
56%
Argentyna
54%
Estonia
49%
Litwa
49%
Belgia
48%
Irlandia
47%
Chiny
45%
Łotwa
44%
Peru
44%
Słowacja
44%
Austria
42%
Chile
41%
Chorwacja
41%
Islandia
40%
Nowa Zelandia
40%
Republika Południowej Afryki
38%
Serbia
36%
Boliwia
35%
Korea Południowa
35%
Rumunia
32%
Indonezja
30%
Ekwador
29%
Panama
29%
Izrael
27%
Filipiny
26%
Tajwan
24%
Wietnam
24%
Moldawia
22%
Mongolia
22%
Gruzja
21%
Malta
21%
Mjanma
21%
Singapur
21%
Sri Lanka
21%
Kostaryka
20%
Haiti
18%
Kosowo
18%
Nepal
18%
San Marino
18%
Gujana
17%
Etiopia
16%
Nikaragua
15%
Kirgistan
8%
Liberia
8%
Trynidad i Tobago
7%
Burundi
6%
Republika Środkowoafrykańska
6%
Gabon
5%
Malawi
5%
Wyspy Marshalla
4%
Gwinea Bissau
1%
Mauritius
1%
Nie znaleziono quizów pasujących do podanych kryteriów
Rozkład punktacji
Procent ludzi z każdym wynikiem
Percentyl według liczby udzielonych odpowiedzi
Twoja historia wyników
Nie rozwiązałeś tego quizu od ostatniego zresetowania